[Event "SVK-ch"]
[Site "Prievidza"]
[Date "1998.07.05"]
[Round "9.49"]
[White "Nahalka, Jan"]
[Black "Sokol, Milan"]
[Result "1-0"]
[WhiteElo "2060"]
[BlackElo "2020"]

1.d4 d5 2.c4 c6 3.Nf3 Nf6 4.Nc3 e6 5.e3 Be7 6.Qc2 O-O 7.b3 Na6 8.Be2 Bd7
9.O-O Rb8 10.e4 dxe4 11.Nxe4 c5 12.Bf4 Rc8 13.Rad1 Nb4 14.Nxf6+ Bxf6 15.Qd2 Bc6
16.a3 Na6 17.d5 Bd7 18.Ne5 Bxe5 19.Bxe5 Qb6 20.Bxg7 Kxg7 21.Qg5+ Kh8 22.Qf6+ Kg8
23.Rd3 Qd6 24.f4 Rfe8 25.Rg3+ Kf8 26.Bh5 Re7 27.Qh8+  1-0

[Event "Politiken Cup"]
[Site "Copenhagen"]
[Date "1998.07.08"]
[Round "5"]
[White "Bekker Jensen, David"]
[Black "Koskinen, Henri"]
[Result "0-1"]
[WhiteElo "2200"]
[BlackElo "2310"]

1.d4 d5 2.c4 c6 3.Nc3 Nf6 4.e3 e6 5.Nf3 Nbd7 6.Qc2 Bd6 7.b3 O-O 8.Be2 e5
9.cxd5 cxd5 10.Nb5 Bb4+ 11.Bd2 Bxd2+ 12.Nxd2 a6 13.dxe5 Nxe5 14.Nd4 Bd7 15.O-O Rc8
16.Qb2 Ne4 17.Rac1 Qf6 18.N2f3 Rxc1 19.Qxc1 Rc8 20.Qb2 Nc3 21.Nxe5 Qxe5 22.Qa3 Bf5
23.Bf3 Be4 24.Rc1 Qe8 25.b4 Nxa2 26.Rc5 b6 27.Rxc8 Qxc8 28.Be2 Nxb4 29.f3 Nc2
30.Qc1 Qc5 31.fxe4 Nxd4  0-1

[Event "Politiken Cup"]
[Site "Copenhagen"]
[Date "1998.07.10"]
[Round "7"]
[White "Bekker Jensen, David"]
[Black "Kristjansson, Stefan"]
[Result "1/2-1/2"]
[WhiteElo "2200"]
[BlackElo "2255"]

1.d4 d5 2.c4 c6 3.Nc3 Nf6 4.e3 e6 5.Nf3 Nbd7 6.Qc2 Be7 7.b3 O-O 8.Bd3 h6
9.O-O dxc4 10.Bxc4 b5 11.Bd3 Bb7 12.e4 Rc8 13.e5 Nd5 14.Nxd5 cxd5 15.Qe2 b4
16.h3 Qb6 17.Re1 a5 18.Bf4 Nb8 19.Qe3 Ba6 20.Bb1 Rc3 21.Qd2 Rfc8 22.Bxh6 gxh6
23.Qxh6 Bd3 24.Bxd3 Rxd3 25.Ng5 Bxg5 26.Qxg5+ Kf8 27.Qh6+ Kg8 28.Qg5+  1/2-1/2

[Event "Politiken Cup"]
[Site "Copenhagen"]
[Date "1998.07.10"]
[Round "7"]
[White "Edvardsson, Kristjan"]
[Black "Schmitz, Manuela"]
[Result "1-0"]
[WhiteElo "2205"]
[BlackElo "2010"]

1.c4 e6 2.d4 d5 3.Nc3 c6 4.e3 Nf6 5.Nf3 Ne4 6.Nxe4 dxe4 7.Nd2 f5 8.b3 Bd6
9.Qh5+ g6 10.Qe2 Nd7 11.Bb2 Qe7 12.a3 O-O 13.g3 e5 14.b4 Nf6 15.Bg2 Bd7 16.O-O exd4
17.exd4 a5 18.c5 Bc7 19.bxa5 Rxa5 20.f3 f4 21.Nxe4 Nd5 22.Rfe1 fxg3 23.hxg3 Re8
24.f4 Qg7 25.Qd2 Raa8 26.Nc3 Ba5 27.Re5 Qh6 28.Qd3 Bf5 29.Qc4 Rxe5 30.dxe5 Be6
31.Nxd5 Kh8 32.Rd1 cxd5 33.Bxd5 Qh3 34.Rd3 b5 35.Qe4 Rc8 36.Bxe6 Qxe6 37.Qd5 Qxd5
38.Rxd5 Kg8 39.Kg2  1-0

[Event "Politiken Cup"]
[Site "Copenhagen"]
[Date "1998.07.10"]
[Round "7"]
[White "Matthiesen, Martin"]
[Black "Rossen, Claus"]
[Result "1/2-1/2"]
[WhiteElo "2265"]
[BlackElo "2165"]

1.d4 d5 2.c4 c6 3.Nf3 Nf6 4.Nc3 e6 5.e3 Bd6 6.Bd3 Nbd7 7.O-O O-O 8.e4 dxe4
9.Nxe4 Nxe4 10.Bxe4 f5 11.Bc2 c5 12.Re1 Nf6 13.dxc5 Bxc5 14.Be3 b6 15.Bxc5 bxc5
16.Qxd8 Rxd8 17.Re5 Bb7 18.Ne1 Rd2 19.f3 Rc8 20.Rxe6 Kf7 21.Re3 g6 22.Rd1 Rcd8
23.Rxd2 Rxd2 24.Rd3 Re2 25.Kf1 Re7 26.Ra3 Bc8 27.Ra5 Rc7 28.Nd3 Be6 29.Ne5+ Ke7
30.Bd3 Bd7 31.Ke2 Ke6 32.f4 Bc8 33.Kd2 Nh5 34.g3 g5 35.Ke3 h6 36.Bc2 gxf4+
37.gxf4 Nf6 38.a3 Ng4+ 39.Nxg4 fxg4 40.Be4 Kf6 41.Kd3 Bb7 42.Bxb7 Rxb7 43.Rb5 Rd7+
44.Ke3 Re7+ 45.Kf2 Kf5 46.Rxc5+ Kxf4 47.Rd5 Rh7 48.Rd4+ Kf5 49.Kg3 h5 50.Kh4 Re7
51.Rd5+ Kf4 52.Rd2 Ke3 53.Rd6 Kf4 54.Rf6+ Ke4 55.Kxh5 Rh7+ 56.Kxg4 Rxh2 57.b4 Rg2+
58.Kh5 Rc2 59.c5 a5 60.Ra6 axb4 61.axb4 Kd5 62.Kg6 Rf2 63.Rb6 Rf4 64.Kg5 Rf1
65.c6 Kd6 66.b5 Kc7 67.Rb7+ Kc8 68.Kg6 Rf2 69.Rf7 Rb2 70.Rf5 Rc2 71.Kf6 Kc7
72.Ke6 Re2+ 73.Re5 Rd2 74.Kf5 Rc2 75.Ke4 Kb6 76.Kd3 Rc1 77.Rf5 Rd1+ 78.Kc2 Rd4
79.Kc3 Rd1 80.Rg5 Rc1+ 81.Kd2 Rc4 82.Kd3 Rc1 83.Rd5 Rh1 84.Re5 Rd1+ 85.Kc2 Rd4
86.Rg5 Rc4+ 87.Kd3 Rc1 88.Kd4 Rc2 89.Ke5 Kxb5 90.Ke6+  1/2-1/2

[Event "Politiken Cup"]
[Site "Copenhagen"]
[Date "1998.07.12"]
[Round "8"]
[White "Holm Petersen, Sejer"]
[Black "Lahlum, Hans Olav"]
[Result "1/2-1/2"]
[WhiteElo "2355"]
[BlackElo "2215"]

1.d4 d5 2.c4 e6 3.Nc3 c6 4.e3 Nf6 5.Nf3 Nbd7 6.Bd3 Bd6 7.O-O O-O 8.e4 dxe4
9.Nxe4 Nxe4 10.Bxe4 h6 11.Bc2 e5 12.Be3 f5 13.c5 Bb8 14.Bb3+ Kh8 15.dxe5 Nxe5
16.Nxe5 Bxe5 17.Qxd8 Rxd8 18.Rad1 Re8 19.Bd4 Bxd4 20.Rxd4 Be6 21.Bxe6 Rxe6
22.Rd7 b6 23.h3 bxc5 24.Rc1 Re2 25.Rxc5 Rxb2 26.Rxf5 Rxa2 27.Rff7  1/2-1/2

[Event "RUS-Cup07"]
[Site "Tomsk"]
[Date "1998.07.15"]
[Round "1"]
[White "Tregubov, Pavel V"]
[Black "Filippov, Valerij"]
[Result "0-1"]
[WhiteElo "2560"]
[BlackElo "2595"]

1.d4 d5 2.c4 e6 3.Nc3 c6 4.e3 Nf6 5.Nf3 Nbd7 6.Qc2 Bd6 7.a3 O-O 8.Bd3 e5
9.cxd5 cxd5 10.dxe5 Nxe5 11.Nd4 Re8 12.h3 Nxd3+ 13.Qxd3 Ne4 14.Nf3 Nc5 15.Qd1 Bf5
16.O-O Be4 17.Nb5 Be7 18.Nbd4 Qb6 19.b4 Nd3 20.Bd2 Rac8 21.Nh2 Nb2 22.Qb3 Nc4
23.Ra2 Qg6 24.f3 Bd3 25.Re1 Bh4 26.Rea1 Nxe3 27.Bxe3 Bc4  0-1

[Event "RUS-Cup07"]
[Site "Tomsk"]
[Date "1998.07.17"]
[Round "3"]
[White "Iskusnyh, Sergei"]
[Black "Filippov, Valerij"]
[Result "0-1"]
[WhiteElo "2455"]
[BlackElo "2595"]

1.Nf3 d5 2.d4 Nf6 3.c4 e6 4.Nc3 c6 5.e3 Nbd7 6.Qc2 Bd6 7.Bd3 O-O 8.O-O dxc4
9.Bxc4 b5 10.Bd3 Bb7 11.a3 Rc8 12.b4 a5 13.Rb1 axb4 14.axb4 Qe7 15.e4 e5
16.Ne2 Rfe8 17.Bd2 exd4 18.Nexd4 c5 19.Nf5 Qf8 20.bxc5 Nxc5 21.Nxd6 Qxd6
22.e5 Qxd3 23.Qxd3 Nxd3 24.exf6 Bxf3 25.gxf3 Ne5 26.Kg2 Rc2 27.Bf4 Nd3 28.Bd6 Rc6
29.Bg3 b4 30.Rb3 Rc3 31.Rfb1 Rec8 32.Kf1 gxf6 33.Bd6 R8c4 34.Be7 Kg7 35.Bd6 Kg6
36.Bf8 Kf5 37.Bh6 Rxb3 38.Rxb3 Rc3 39.Rb1 b3 40.Bd2 Rc2 41.Ke2 Nb2 42.Ke1 Nc4  0-1

[Event "Bad Homburg"]
[Site "Bad Homburg"]
[Date "1998.07.19"]
[Round "3"]
[White "Dautov, Rustem"]
[Black "Gabriel, Christian"]
[Result "1/2-1/2"]
[WhiteElo "2600"]
[BlackElo "2555"]

1.d4 d5 2.c4 c6 3.Nf3 Nf6 4.Nc3 e6 5.e3 Nbd7 6.Qc2 Bd6 7.Bd3 O-O 8.O-O dxc4
9.Bxc4 b5 10.Bd3 Bb7 11.a3 a6 12.b4 a5 13.Rb1 axb4 14.axb4 Qe7 15.Qb3 Nd5
16.Nxd5 exd5 17.Bd2 Ra4 18.Bc2 Nf6 19.Qb2 Ra6 20.Ra1 Ne4  1/2-1/2

[Event "Smith & Williamson"]
[Site "Witley"]
[Date "1998.07.22"]
[Round "5"]
[White "Beckett, Christopher J"]
[Black "Taylor, Martin"]
[Result "1/2-1/2"]
[WhiteElo "2105"]
[BlackElo "2130"]

1.d4 d5 2.c4 e6 3.Nc3 Nf6 4.Nf3 c6 5.e3 Nbd7 6.Qc2 Bd6 7.b3 O-O 8.Bd2 Re8
9.O-O-O e5 10.cxd5 cxd5 11.Nb5 Bb8 12.dxe5 Nxe5 13.Nfd4 a6 14.Nc3 b5 15.Kb1 Bd6
16.Nf5 Bf8 17.f4 Nc4 18.g4 Bxf5  1/2-1/2

[Event "Szeged TT07 IM"]
[Site "Szeged"]
[Date "1998.07.23"]
[Round "8"]
[White "Szeberenyi, Adam"]
[Black "Zakarias, David"]
[Result "1-0"]
[WhiteElo "2230"]
[BlackElo "2195"]

1.d4 d5 2.c4 c6 3.Nc3 Nf6 4.e3 e6 5.Nf3 Nbd7 6.Qc2 Bd6 7.Bd3 O-O 8.O-O dxc4
9.Bxc4 Qe7 10.Rd1 e5 11.e4 exd4 12.Nxd4 Nb6 13.Be2 Re8 14.Be3 Ng4 15.Bxg4 Bxg4
16.f3 Bd7 17.Bf2 Rad8 18.Nce2 c5 19.Nb3 Ba4 20.Nc3 Qc7 21.g3 Bd7 22.a4 a5
23.Nxa5 Ra8 24.Nxb7 Be7 25.a5 Qxb7 26.axb6 Bc6 27.Rxa8 Rxa8 28.Nd5 Bxd5 29.exd5 Qxb6
30.b4 Qxb4 31.d6 Bd8 32.Rb1 Qa3 33.Qe4 Bf6 34.d7  1-0

[Event "Dieren op"]
[Site "Dieren"]
[Date "1998.07.25"]
[Round "5"]
[White "Golod, Vitali"]
[Black "Hoeksema, Hendrik Pieter"]
[Result "1-0"]
[WhiteElo "2555"]
[BlackElo "2395"]

1.d4 d5 2.c4 c6 3.Nf3 Nf6 4.Nc3 e6 5.e3 Nbd7 6.Qc2 Bd6 7.Bd3 O-O 8.O-O dxc4
9.Bxc4 a6 10.Rd1 b5 11.Be2 Qc7 12.Ne4 Nxe4 13.Qxe4 Re8 14.Bd3 g6 15.Qh4 e5
16.Ng5 Nf8 17.Ne4 Be7 18.Nf6+ Bxf6 19.Qxf6 e4 20.Be2 Nd7 21.Qh4 Nb6 22.Bd2 Nd5
23.Rdc1 Qd6 24.Rc5 Bd7 25.Rac1 a5 26.Bd1 Nb6 27.a3 Nc4 28.Bc3 a4 29.Be2 Nb6
30.Re5 Bf5 31.Bb4 Qd7 32.Qf6 Re6 33.Rxe6 Bxe6 34.Qe5 Bd5 35.Bc5 Re8 36.Qf6 Nc8
37.h3 Ne7 38.Bd6 Qe6 39.Qxe6 fxe6 40.f3 Nf5 41.Bf4 Rf8 42.fxe4 Bxe4 43.Rf1 Rd8
44.Kf2 Kf7 45.g4 Nd6 46.Kg3 Ke8 47.Bxd6 Rxd6 48.Kf4 Bd5 49.Ke5 Rd8 50.e4 Bb3
51.g5 Ke7 52.Rc1 Kd7 53.Bg4 Rf8 54.d5  1-0

[Event "Recklinghauser Schachtage"]
[Site "Recklinghausen"]
[Date "1998.07.25"]
[Round "1"]
[White "Kachiani Gersinska, Ketino"]
[Black "Siegel, Georg"]
[Result "1/2-1/2"]
[WhiteElo "2435"]
[BlackElo "2540"]

1.d4 d5 2.c4 c6 3.Nf3 Nf6 4.Nc3 e6 5.e3 Nbd7 6.Qc2 Bd6 7.Bd3 O-O 8.O-O dxc4
9.Bxc4 a6 10.Bd2 b5 11.Bd3 Bb7 12.Ng5 Qc7 13.Bxh7+ Kh8 14.f4 c5 15.d5 exd5
16.Qf5 b4 17.Qh3 bxc3 18.Bxc3 d4 19.Bf5+ Kg8 20.Bh7+ Kh8 21.Bg6+ Kg8  1/2-1/2

[Event "Bad Homburg"]
[Site "Bad Homburg"]
[Date "1998.07.26"]
[Round "9"]
[White "Lobron, Eric"]
[Black "Gabriel, Christian"]
[Result "0-1"]
[WhiteElo "2540"]
[BlackElo "2555"]

1.d4 d5 2.Nf3 c6 3.c4 Nf6 4.Nc3 e6 5.e3 Nbd7 6.Qc2 Bd6 7.Bd3 O-O 8.O-O dxc4
9.Bxc4 b5 10.Be2 Bb7 11.Rd1 Qb8 12.a3 a5 13.e4 b4 14.Na4 b3 15.Qxb3 Nxe4
16.Bc4 c5 17.d5 Ne5 18.Nxe5 Bxe5 19.h3 exd5 20.Bxd5 Bh2+ 21.Kf1 Ba6+ 22.Ke1 Bg1
23.Be3 Qxb3 24.Bxb3 Nxf2 25.Nxc5 Rfe8 26.Kd2 Nxd1 27.Bxg1 Rad8+  0-1

[Event "Recklinghauser Schachtage"]
[Site "Recklinghausen"]
[Date "1998.07.26"]
[Round "2"]
[White "Siegel, Georg"]
[Black "Pinter, Jozsef"]
[Result "0-1"]
[WhiteElo "2540"]
[BlackElo "2590"]

1.d4 Nf6 2.c4 e6 3.Nf3 d5 4.Nc3 c6 5.e3 Nbd7 6.Qc2 Bd6 7.Be2 O-O 8.b3 Re8
9.Bb2 Qe7 10.O-O b6 11.e4 Nxe4 12.Nxe4 dxe4 13.Qxe4 Bb7 14.Bd3 f5 15.Qe3 c5
16.Rfe1 Bxf3 17.Qxf3 cxd4 18.Bxf5 Ne5 19.Rxe5 Bxe5 20.Bxh7+ Kxh7 21.Qh5+ Kg8
22.Qxe5 d3 23.Rd1 Rad8 24.Qc3 e5 25.Rxd3 e4 26.Rxd8 Rxd8 27.g3 Rd3 28.Qe5 Qxe5
29.Bxe5 Rd1+ 30.Kg2 Rd2  0-1

[Event "Quebec op"]
[Site "Montreal"]
[Date "1998.07.27"]
[Round "3"]
[White "Levtchouk, George"]
[Black "Kosic, Dragan"]
[Result "0-1"]
[WhiteElo "2330"]
[BlackElo "2500"]

1.d4 d5 2.c4 c6 3.Nf3 Nf6 4.Nc3 e6 5.e3 Nbd7 6.Qc2 Bd6 7.b3 O-O 8.Be2 b6
9.O-O Bb7 10.Bb2 Qe7 11.Rad1 Rfe8 12.e4 Nxe4 13.Nxe4 dxe4 14.Qxe4 f5 15.Qc2 c5
16.dxc5 Bxc5 17.Ne5 Nxe5 18.Bxe5 Rad8 19.Qc3 Qg5 20.Qg3 Qxg3 21.hxg3 Be4
22.Bc7 Rc8 23.Be5 Red8 24.Rxd8+ Rxd8 25.Rd1 Rxd1+ 26.Bxd1 Bb1 27.a4 Bd3 28.g4 Kf7
29.gxf5 exf5 30.g3 g5 31.Kg2 Kg6 32.Bc7 a5 33.Bd8 g4 34.f3 h5 35.Bc7 Kf6
36.Bf4 Ke6 37.Bc7 Be3 38.Bd8 Kd6 39.Bf6 Bb1 40.fxg4 fxg4 41.Kf1 Bd3+ 42.Ke1 Ke6
43.Bd8 Kf5 44.Bc7 Ke4 45.Bd8 Bc5 46.Bf6 Bb1 47.Ke2 Bd6 48.Kf2 Kd3  0-1

[Event "Recklinghauser Schachtage"]
[Site "Recklinghausen"]
[Date "1998.07.27"]
[Round "3"]
[White "Kachiani Gersinska, Ketino"]
[Black "Henrichs, Thomas"]
[Result "1/2-1/2"]
[WhiteElo "2435"]
[BlackElo "2445"]

1.d4 d5 2.c4 c6 3.Nf3 Nf6 4.Nc3 e6 5.e3 Nbd7 6.Qc2 Bd6 7.Bd3 O-O 8.O-O dxc4
9.Bxc4 Qe7 10.a3 e5 11.h3 Bb8 12.Ba2 h6 13.Nh4 Rd8 14.Ne2 Nf8 15.dxe5 Bxe5
16.Nf5 Qe8 17.Nfg3 Be6 18.Bb1 a5 19.Nf4 Bxf4 20.exf4 a4 21.Ne4 Nxe4 22.Qxe4 Bb3
23.Be3 Qxe4 24.Bxe4 Nd7 25.Rac1 Nf6 26.Bf3 Rd7 27.Rfe1 Ne8 28.Bg4 Rd5 29.Bf3 Rd7  1/2-1/2

[Event "Dieren op"]
[Site "Dieren"]
[Date "1998.07.28"]
[Round "7"]
[White "Golod, Vitali"]
[Black "Cifuentes Parada, Roberto"]
[Result "1-0"]
[WhiteElo "2555"]
[BlackElo "2505"]

1.d4 d5 2.c4 c6 3.Nf3 Nf6 4.Nc3 e6 5.e3 Nbd7 6.Qc2 Bd6 7.Bd3 O-O 8.O-O dxc4
9.Bxc4 b5 10.Be2 Bb7 11.Rd1 Qc7 12.Bd2 a6 13.b4 e5 14.h3 Rfe8 15.Rab1 h6
16.Bd3 Rad8 17.Rdc1 Qb8 18.a3 Bf8 19.Bf1 a5 20.Na2 a4 21.dxe5 Nxe5 22.Nxe5 Qxe5
23.Bc3 Qg5 24.Rd1 Bc8 25.Rxd8 Rxd8 26.Rc1 Bxh3 27.Bxf6 gxf6 28.Qxc6 Rd2 29.Nc3 Bd7
30.Qf3 f5 31.Nxb5 Ra2 32.Bc4 Rd2 33.Nc3 Bg7 34.Bxf7+ Kh7 35.Nd5 Qg4 36.Qxg4 fxg4
37.g3 Bf5 38.Ne7 Be4 39.Bg8+ Kh8 40.Be6 Bf8 41.Bf5 Bf3 42.Ng6+ Kg7 43.Nxf8 Kxf8
44.Bc2 Bc6 45.Bd1 Bd7 46.Kf1 Ra2 47.Rc3 Ke7 48.Ke1 h5 49.Bc2 Be8 50.e4 Kd6
51.Kd2 Ra1 52.Bd3 Bf7 53.Ke3 Bb3 54.b5 Ra2 55.b6 Be6 56.b7 Rb2 57.Ba6  1-0

[Event "RUS-ch51"]
[Site "St Petersburg"]
[Date "1998.07.28"]
[Round "1"]
[White "Epishin, Vladimir"]
[Black "Popov, Valerij"]
[Result "1-0"]
[WhiteElo "2585"]
[BlackElo "2520"]

1.d4 d5 2.c4 c6 3.Nc3 Nf6 4.e3 e6 5.Nf3 Nbd7 6.Qc2 Bd6 7.Bd3 O-O 8.Bd2 h6
9.O-O b6 10.Rfe1 Bb7 11.e4 dxc4 12.Bxc4 e5 13.h3 Qc7 14.Be3 Rad8 15.Rad1 exd4
16.Nxd4 Bh2+ 17.Kh1 Bf4 18.Bf1 g6 19.Qc1 Bxe3 20.Qxe3 Kh7 21.e5 Rfe8 22.f4 a6
23.Kg1 b5 24.Qf2 b4 25.Na4 Nd5 26.Nb3 Bc8 27.Bc4 N5b6 28.Nxb6 Nxb6 29.Rxd8 Rxd8
30.Bxf7 Rf8 31.e6 Nd5 32.f5  1-0

[Event "RUS-ch51"]
[Site "St Petersburg"]
[Date "1998.07.28"]
[Round "1"]
[White "Burmakin, Vladimir"]
[Black "Yagupov, Igor"]
[Result "1-0"]
[WhiteElo "2560"]
[BlackElo "2450"]

1.d4 d5 2.c4 c6 3.Nc3 Nf6 4.e3 e6 5.Nf3 Nbd7 6.Qc2 Bd6 7.Bd3 O-O 8.O-O dxc4
9.Bxc4 a6 10.Rd1 Qe7 11.h3 b5 12.Be2 c5 13.dxc5 Bxc5 14.e4 Bd6 15.Bg5 Ne5
16.Nd4 h6 17.Be3 b4 18.Nb1 Bb7 19.Nd2 Rfc8 20.Qb1 Ng6 21.g3 Qc7 22.Kg2 Bc5
23.f3 h5 24.h4 e5 25.Nf5 Bxe3 26.Nxe3 a5 27.Ndc4 Rd8 28.Qc2 Nf8 29.Nd6 Qxc2
30.Nxc2 Ba6 31.Bxa6 Rxa6 32.Nc4 Rc8 33.N2e3 Rc5 34.Rd8 g6 35.Rad1 Kg7 36.R8d6 Rxd6
37.Rxd6 Ne6 38.Ra6 Nd7 39.Ra7 Nb8 40.Nd6 Nd8 41.Nec4 Nbc6 42.Rc7 Kg8 43.b3 a4
44.bxa4 Ne6 45.Rc8+ Kg7 46.a5 Kf6 47.a6 Ke7 48.Kh3 f6 49.Rh8 Nf8 50.Rg8 Rxc4
51.Nxc4 Kf7 52.Rxf8+ Kxf8 53.Nb2 Ke7 54.Nd3 Kd6 55.Nxb4 Na7 56.g4 Ke6 57.a4 Kd6
58.Nd5 f5 59.gxf5 gxf5 60.Nf6  1-0

[Event "Oberwart op"]
[Site "Oberwart"]
[Date "1998.07.29"]
[Round "5"]
[White "Kummer, Helmut"]
[Black "Koutsin, Sergey"]
[Result "1/2-1/2"]
[WhiteElo "2315"]
[BlackElo "2415"]

1.d4 d5 2.c4 c6 3.Nf3 Nf6 4.Nc3 e6 5.e3 a6 6.Bd3 dxc4 7.Bxc4 b5 8.Bd3 c5
9.a4 b4 10.Ne4 Nbd7 11.O-O Bb7 12.Ng3 Bd6 13.Qe2 O-O 14.Rd1 cxd4 15.exd4 Qa5
16.Be3 Rfe8 17.Ng5 h6 18.N5e4 Bf8 19.Rdc1 Rac8 20.Rd1 Nd5 21.Nd2 Nxe3 22.fxe3 e5
23.Bf5 Qc7 24.Nc4 exd4 25.Bxd7 Qxd7 26.Nb6 Qc7 27.Nxc8 Rxe3 28.Rac1 Qxg3
29.hxg3 Rxe2 30.Rxd4 Rxg2+ 31.Kf1 Rxb2 32.Rd8 g6 33.Nd6 Bg2+ 34.Kg1 Bh3 35.Rc7 Be6
36.Rb7 Kg7 37.Ne8+ Kh7 38.Nf6+ Kg7 39.Ne8+ Kh7 40.Nf6+ Kg7 41.Ne8+  1/2-1/2

[Event "Recklinghauser Schachtage"]
[Site "Recklinghausen"]
[Date "1998.07.29"]
[Round "5"]
[White "Pinter, Jozsef"]
[Black "Henrichs, Thomas"]
[Result "1/2-1/2"]
[WhiteElo "2590"]
[BlackElo "2445"]

1.d4 d5 2.c4 c6 3.Nc3 Nf6 4.e3 e6 5.Nf3 Nbd7 6.Bd3 dxc4 7.Bxc4 b5 8.Bd3 Bb7
9.e4 b4 10.Na4 c5 11.e5 Nd5 12.dxc5 Nxc5 13.Bb5+ Nd7 14.O-O a6 15.Bd3 g6
16.Re1 Bg7 17.a3 O-O 18.Bd2  1/2-1/2

[Event "COL-ch"]
[Site "Pensilvania"]
[Date "1998.08.01"]
[Round "1"]
[White "Alzate, Dario"]
[Black "Echavarria, Johann"]
[Result "1-0"]
[WhiteElo "2390"]
[BlackElo "2205"]

1.d4 d5 2.c4 c6 3.Nc3 Nf6 4.Nf3 e6 5.e3 Nbd7 6.Qc2 b6 7.cxd5 exd5 8.Bd3 Bb7
9.O-O Be7 10.Rd1 O-O 11.Bd2 Qc7 12.Rac1 Rac8 13.Be1 Bd6 14.Qe2 Qb8 15.Rc2 Rfe8
16.Ba6 Ne4 17.Rdc1 f5 18.Bxb7 Qxb7 19.g3 Ndf6 20.Nh4 f4 21.Nxe4 Rxe4 22.Nf5 Bb8
23.Qd3 g6 24.Nh4 fxe3 25.f3 Re6 26.Bb4 Rce8 27.Ng2 a5 28.Ba3 b5 29.b3 b4
30.Bb2 Nh5 31.Re2 Qf7 32.Rf1 Bxg3 33.hxg3 Nxg3 34.Rxe3 Nxf1 35.Rxe6 Qxe6
36.Kxf1 Qh3 37.Kf2 Qh1 38.Qc2 Re6 39.Bc1 h5 40.Bg5 Kf7 41.Qd2 Qh2 42.Bh4 Kg7
43.Bg3 Qh1 44.Be5+ Kf7 45.Qg5 Qb1 46.Nf4 Qxa2+ 47.Kg3 Qxb3 48.Nxe6 Kxe6 49.Qf6+ Kd7
50.Qf7+ Kd8 51.Qc7+ Ke8 52.Bd6 h4+ 53.Kg4  1-0

[Event "COL-ch"]
[Site "Pensilvania"]
[Date "1998.08.01"]
[Round "11"]
[White "Ramirez, Carlos"]
[Black "Cuartas, Jaime Alexander"]
[Result "0-1"]
[WhiteElo "2400"]
[BlackElo "2380"]

1.d4 d5 2.c4 c6 3.Nf3 Nf6 4.Nc3 e6 5.e3 Nbd7 6.Qc2 Bd6 7.Bd3 O-O 8.O-O dxc4
9.Bxc4 e5 10.Rd1 Qe7 11.h3 e4 12.Ng5 Nb6 13.Bb3 Bf5 14.f3 Rae8 15.Ngxe4 Nxe4
16.Nxe4 Bb8 17.Qf2 Bxe4 18.fxe4 Qxe4 19.Bc2 Bg3 20.Qe2 Qh4 21.e4 f5 22.e5 Rd8
23.Be3 f4 24.Bf2 f3 25.Qe1 fxg2  0-1

[Event "Recklinghauser Schachtage"]
[Site "Recklinghausen"]
[Date "1998.08.01"]
[Round "8"]
[White "Pinter, Jozsef"]
[Black "Luther, Thomas"]
[Result "1-0"]
[WhiteElo "2590"]
[BlackElo "2510"]

1.d4 e6 2.c4 Nf6 3.Nf3 d5 4.Nc3 c6 5.e3 Nbd7 6.Bd3 dxc4 7.Bxc4 b5 8.Bd3 a6
9.a4 b4 10.Ne4 c5 11.O-O Bb7 12.Ned2 Be7 13.Qe2 O-O 14.Rd1 Qc7 15.Nc4 Be4
16.Bd2 Bxd3 17.Qxd3 cxd4 18.exd4 Nb6 19.Rdc1 Nxc4 20.Rxc4 Qb7 21.Rac1 Nd5
22.b3 Bf6 23.Qe4 Qb6 24.h3 Rfd8 25.Rc5 h6 26.R1c4 Rab8 27.Qg4 Kf8 28.Be3 Qb7
29.Bd2 Qb6 30.Qh5 Kg8 31.h4 Qb7 32.Qg4 Kh8 33.Kh1 Qb6 34.Qh5 Kg8 35.Ne5 Bxe5
36.dxe5 Ne7 37.Be3 Ng6 38.Qg4 Kh8 39.h5 Nf8 40.Rc7 Qa5 41.R4c5 Qb6  1-0

[Event "RUS-ch51"]
[Site "St Petersburg"]
[Date "1998.08.01"]
[Round "5"]
[White "Potapov, Alexander"]
[Black "Galkin, Alexander"]
[Result "0-1"]
[WhiteElo "2475"]
[BlackElo "2540"]

1.d4 d5 2.c4 c6 3.Nf3 Nf6 4.Nc3 e6 5.e3 Nbd7 6.Bd3 dxc4 7.Bxc4 b5 8.Be2 Bb7
9.e4 b4 10.e5 bxc3 11.exf6 Nxf6 12.bxc3 Bd6 13.O-O O-O 14.Bg5 Qc7 15.Bd3 c5
16.Qe2 Nd7 17.Rfe1 cxd4 18.cxd4 Bf4 19.Bh4 Bxf3 20.Qxf3 Bxh2+ 21.Kh1 Bf4
22.Re4 Bh6 23.Be7 Ne5 24.dxe5 Qxe7 25.Qh3 Rad8 26.Rg4 f5 27.exf6 Rxf6 28.Rf1 Kh8
29.Bb1 Qc5 30.f4 Qb5 31.Kg1 Qb6+ 32.Kh2 e5 33.Rh4 exf4 34.Qf3 Qb4 35.Rh3 Re6
36.Qg4 Qe7 37.Qf5 Rg6 38.Qa5 Rg5 39.Re1 Qd6  0-1

[Event "RUS-ch51"]
[Site "St Petersburg"]
[Date "1998.08.01"]
[Round "5"]
[White "Tunik, Gennady"]
[Black "Korneev, Oleg"]
[Result "1/2-1/2"]
[WhiteElo "2480"]
[BlackElo "2600"]

1.d4 d5 2.c4 e6 3.Nf3 Nf6 4.Nc3 c6 5.e3 Nbd7 6.Bd3 dxc4 7.Bxc4 b5 8.Be2 a6
9.e4 c5 10.e5 Nd5  1/2-1/2

[Event "Recklinghauser Schachtage"]
[Site "Recklinghausen"]
[Date "1998.08.02"]
[Round "9"]
[White "Alterman, Boris"]
[Black "Pinter, Jozsef"]
[Result "1/2-1/2"]
[WhiteElo "2615"]
[BlackElo "2590"]

1.d4 d5 2.c4 e6 3.Nc3 c6 4.e3 Nf6 5.Nf3 Nbd7 6.Bd3 dxc4 7.Bxc4 b5 8.Bd3 Bb7
9.O-O a6 10.e4 c5 11.d5 Qc7 12.dxe6 fxe6 13.Bc2 Bd6 14.Ng5 Nf8 15.f4 O-O-O
16.Qe2 h6 17.Nh3 e5 18.a4 Ne6 19.axb5 Nd4 20.Qd1 axb5 21.Be3 Qc6 22.Kh1  1/2-1/2

[Event "Budapest FS08 GM"]
[Site "Budapest"]
[Date "1998.08.03"]
[Round "3"]
[White "Soffer, Ram"]
[Black "Shankar, Roy"]
[Result "0-1"]
[WhiteElo "2525"]
[BlackElo "2400"]

1.d4 d5 2.c4 c6 3.Nc3 Nf6 4.e3 e6 5.Nf3 Bd6 6.Bd3 O-O 7.O-O Nbd7 8.e4 dxc4
9.Bxc4 e5 10.Bg5 Qe7 11.Bb3 Rd8 12.d5 Nf8 13.h3 h6 14.Bd2 Ng6 15.Qc2 Nh5
16.dxc6 bxc6 17.Ne2 Qf6 18.Nh2 Bc7 19.Ng4 Bxg4 20.hxg4 Nhf4 21.Nxf4 exf4
22.Bc3 Be5 23.Bxe5 Nxe5 24.f3 h5 25.gxh5 Qg5 26.g4 Rd3 27.Qg2 Rad8 28.Rae1 R8d6
29.Bc2 Rd2 30.Re2 Qd8 31.Rff2 Qb6 32.Kh2 Rxe2 33.Rxe2 Qxb2 34.Qf2 Qc3 35.Kg2 c5
36.Bb3 c4 37.Rc2 Qa5 38.g5 cxb3 39.axb3 Nd3 40.Rc8+ Kh7 41.Qh4 Qd2+ 42.Kh3 Nf2+
43.Kg2 Nxe4+ 44.Kh3 Nf2+ 45.Kg2 Ng4+ 46.Kh3 Ne3 47.g6+ fxg6 48.Rh8+ Kxh8
49.hxg6+ Kg8 50.Qh7+ Kf8 51.Qh8+ Ke7 52.Qxg7+ Kd8  0-1

[Event "MK Cafe Cup-A"]
[Site "Koszalin"]
[Date "1998.08.03"]
[Round "1"]
[White "Izeta Txabarri, Felix"]
[Black "Khenkin, Igor"]
[Result "0-1"]
[WhiteElo "2445"]
[BlackElo "2600"]

1.d4 d5 2.c4 c6 3.Nf3 Nf6 4.Nc3 e6 5.e3 Nbd7 6.Bd3 dxc4 7.Bxc4 b5 8.Bd3 Bb7
9.a3 Bd6 10.e4 e5 11.Bg5 O-O 12.Bc2 Qc7 13.dxe5 Nxe5 14.Bxf6 gxf6 15.Nh4 Rfd8
16.Qh5 Bf8 17.Nf5 Ng6 18.h4 a5 19.Rh3 b4 20.axb4 axb4 21.Rxa8 Rxa8 22.Nd1 c5
23.Qg4 c4 24.h5 Qf4 25.Nde3 Ra1+ 26.Bd1 Bxe4 27.hxg6 Qxg4 28.Nxg4 Bxf5 29.gxh7+ Kh8
30.Rh4 c3 31.bxc3 bxc3 32.Ne3 c2  0-1

[Event "MK Cafe Cup-A"]
[Site "Koszalin"]
[Date "1998.08.03"]
[Round "1"]
[White "Kharitonov, Andrei Y"]
[Black "Payen, Arnaud"]
[Result "1-0"]
[WhiteElo "2570"]
[BlackElo "2420"]

1.d4 d5 2.c4 c6 3.Nf3 Nf6 4.Nc3 e6 5.e3 Nbd7 6.Bd3 Bd6 7.e4 dxe4 8.Nxe4 Nxe4
9.Bxe4 h6 10.O-O O-O 11.b3 e5 12.Bc2 Re8 13.Re1 exd4 14.Rxe8+ Qxe8 15.Qxd4 Bc5
16.Qd3 Nf6 17.Bb2 Qd7 18.Qc3 Qe7 19.Re1 Be6 20.Re2 Rd8 21.Qe1 Bb4 22.Bxf6 gxf6
23.Qc1 Qf8 24.Qf4 f5 25.g3 Bd6 26.Qh4 b5 27.cxb5 cxb5 28.Nd4 Be7 29.Qf4 Bg5
30.Nxe6 fxe6 31.Qe5 Rd6 32.Qxb5 Qc8 33.Bd3 a6 34.Qc4 Rc6 35.Qd4 Rc1+ 36.Kg2 Qc6+
37.Kh3 Rg1 38.f4 Qf3 39.Qxg1 Qxd3 40.Rxe6 Bxf4 41.Qe1  1-0

[Event "Stockholm op (Women)"]
[Site "Stockholm"]
[Date "1998.08.03"]
[Round "3"]
[White "Johnsen, Sylvia"]
[Black "Berg, Susanne"]
[Result "1/2-1/2"]
[WhiteElo "2020"]
[BlackElo "2080"]

1.c4 e6 2.Nc3 d5 3.d4 c6 4.Nf3 Nf6 5.e3 Nbd7 6.cxd5 cxd5 7.Bd3 Bd6 8.O-O O-O
9.Bd2 e5 10.dxe5 Nxe5 11.Nxe5 Bxe5 12.Rc1 a6 13.Qc2 Bd7 14.Rfe1 Rc8 15.Bf5 b5
16.a3 Rc4 17.Qb1 Qc8 18.Bd3 Rc6 19.Ne2 Ne4 20.Bb4 Re8 21.Nf4 Bxf4 22.exf4 Rxc1
23.Rxc1 Qb8 24.g3 Qb6 25.Qc2 h5 26.Bc5 Qf6 27.b4 Nxc5 28.Qxc5 Qb2 29.Qc3 Qxc3
30.Rxc3 Re1+ 31.Kg2 g6 32.Bc2 Ra1 33.Rc7 Be6 34.a4 bxa4 35.Ra7 d4 36.Rxa6 Bd5+
37.Kh3 a3 38.b5 Ra2 39.Bd3 Kg7 40.b6 Rb2 41.Rxa3 Rxb6 42.g4 Rb2 43.Kg3 h4+
44.Kxh4 Rxf2 45.Ra5 Rxh2+ 46.Kg3 Rg2+ 47.Kh3 Rd2 48.Rxd5 Rxd3+ 49.Kg2 Kf6
50.Kf2 Ke6 51.Rd8 Ke7  1/2-1/2

[Event "Eikrem mem"]
[Site "Gausdal"]
[Date "1998.08.04"]
[Round "4"]
[White "Gausel, Einar"]
[Black "Lomo, Markus"]
[Result "1-0"]
[WhiteElo "2540"]
[BlackElo "2020"]

1.c4 c6 2.d4 d5 3.Nc3 Nf6 4.e3 e6 5.Nf3 Be7 6.Bd3 O-O 7.O-O Nbd7 8.Qe2 Re8
9.b3 b6 10.Bb2 Bb7 11.Rfd1 Qb8 12.Rac1 a6 13.e4 dxe4 14.Nxe4 Nxe4 15.Qxe4 g6
16.c5 b5 17.Ne5 Nxe5 18.dxe5 Rd8 19.Qf3 Rd5 20.Be4 Rxd1+ 21.Rxd1 Qe8 22.Rd6 Rc8
23.b4 Ba8 24.g3 Kg7 25.h4 Bd8 26.Bc1 Be7 27.Bg5 Bxg5 28.hxg5 Kg8 29.Qf6 Bb7
30.Bc2 Ba8 31.Bb3  1-0